000
00321nam a2200121Ia 4500
008
210707s1983 xx 000 0 und d
041
_a
eng
082
_a
001.6424P MATI
100
_a
MATHUR (Akitya P) & others.
245
_a
Introduction to Pascal.
260
_a
ND
_b
Tata McGraw-Hill
_c
1983
650
_a
Computer Science
999
_c
180460
_d
180460